000 01861cam a22004694i 4500
003 PE-LiUPU
005 20250731173400.0
008 150706s2010 sp r 000 0 spa d
020 _a9788429318562
035 _a(Sirsi) i9788429318562
040 _aPE-LiUPU
_bspa
_cPE-LiUPU
_erda
049 _aPRUA
082 0 4 _a248.1
_bG84
_221
100 1 _aGrün, Anselm,
_eautor.
245 1 1 _a¿Qué debo hacer? :
_brespuestas a las preguntas que plantea la vida /
_cAnselm Grün.
264 1 _aEspaña :
_bSal Terrae,
_c2010.
300 _a231 páginas ;
_c22 centímetros.
336 _atext
_2rdacontent
337 _aunmediated
_2rdamedia
338 _avolume
_2rdacarrier
490 0 _aProyecto ;
_v111
505 0 _aPadres e hijos/familia -- Trabajo y vida cotidiana -- Autodescubrimiento/seguridad en sí mismo-autoconfianza -- Amor y amistad-problemas en las relaciones -- Los otros y yo -- Espiritualidad y cuestiones de fe -- Enfermedad y salud -- Fracaso y culpa -- La muerte, el morir y el duelo.
526 _aSEG42
526 _aSEG41
526 _aSEG40
526 _aSEG39
526 _aP94
526 _aP87
526 _aP86
526 _aP85
526 _aP77
526 _aP76
526 _aP35
541 _g007-0021089;
650 0 4 _aVida cristiana
_xPreceptos y consejos.
910 _agl
_bjv
_clch
_d20110206
942 _2ddc
_cBOOK
949 _a248.1 G84
_wDEWEY
_c1
_i62499
_d2016-11-3
_e2016-10-31
_lCCODEBUL1
_mBUL
_n3
_p21.00
_r0
_sY
_tBOOK
_u2015-7-6
_xTEOLOGIA
_PP35
_0COMPRA
_o.STAFF. Colección General
994 _aC0
_bPEPRU
596 _a1
999 _a248.1 G84
_wDEWEY
_c51554
_i62499
_d51554
_e2022-6-28
_f2021-11-10
_g5
_lCCODEBUL1
_mBUL
_n6
_p21.00
_q2
_r0
_sY
_tBOOK
_u2015-7-6
_xTEOLOGIA
_PP35
_0COMPRA
_o.STAFF. Colección Teología
980 _81
_gALBERTO SANCHEZ Responsable de Automatización